| 000 | 01115nam a22002415i 4500 | ||
|---|---|---|---|
| 001 | 164498 | ||
| 003 | ES-MaACL | ||
| 005 | 20230906212940.0 | ||
| 008 | 050729s1887 pr | |||||||| ||spa d | ||
| 040 |
_aCAM _bspa _cCAM |
||
| 080 | _a013(719.5) | ||
| 080 | _a016(729.5) | ||
| 080 | _a017.2 Sama, Manuel María | ||
| 100 | 1 |
_aSama, Manuel María. _9102150 |
|
| 245 | 1 | 0 |
_aBibliografia puerto-riqueña _b: trabajo premiado en el certamen del Ateneo Puerto-Riqueño celebrado el 29 de enero de 1887 ... / _cpor Manuel Maria Sama. |
| 260 |
_aMayaguez : _b[s.n.], _c1887 ( _fTipografia Comercial - Marina) |
||
| 300 |
_a159 p. ; _c21 cm. |
||
| 530 | _aDisponible también en sitio web. | ||
| 650 | 4 |
_aEscritores puertorriqueños- _vBibliografías. _9148000 |
|
| 651 | 4 |
_aPuerto Rico- _vBibliografías. _9148001 |
|
| 852 |
_aES-MaACL _jT-469-F-6 _z-- Enc. hol. _z-- Dedic. ms. de Francisco Lastres, diputado por Mayagüez, al Ateneo de Madrid _z-- Enc. en un vol. facticio |
||
| 856 |
_uhttp://bibliotecadigitalhispanica.bne.es:80/webclient/DeliveryManager?pid=1883411&custom_att_2=simple_viewer _zIr a la página |
||
| 999 |
_c164498 _d164498 |
||